000 00292nam a22001097a 4500
008 170112b xxu||||| |||| 00| 0 eng d
020 _a9780131889385
041 _aeng
080 _28TH
_a618.2
245 _aKOZIER&ERB'S FUNDAMENTALS OF NURSING
_cBERMAN & SNYDER & KOZIER & ERB
942 _2udc
_cBK
999 _c2755
_d2755